| 000 | 00616nam a2200229Ia 4500 | ||
|---|---|---|---|
| 003 | OSt | ||
| 005 | 20221007072921.0 | ||
| 006 | a|||||r|||| 00| 0 | ||
| 007 | ta | ||
| 008 | 221006b |||||||| |||| 00| 0 eng d | ||
| 024 | _a17,028 | ||
| 037 | _cTextual | ||
| 040 |
_aFLL _cFLL _beng |
||
| 041 |
_2eng _aeng |
||
| 082 | _aX724:Z3, H5 | ||
| 100 |
_aNewport C.A. Au. _9691629 |
||
| 245 | 0 | _aIncome tax law and practice | |
| 260 |
_aLondon _bSweet and maxwell., limited England _c1945 |
||
| 300 |
_a392p _ccm. |
||
| 942 |
_hX724:Z3, H5 _cTEXL _2CC |
||
| 999 |
_c1147282 _d1147282 |
||